Statistics for 北京地铁车站地图 Beijing Subway Map Quiz

Click here to take the quiz!

General Stats

  • This quiz has been taken 247 times
  • The average score is 103 of 183

Answers on the Map

Answers color-coded by a green-red scale on the quiz's map according to % correct below.
 

Answer Stats

LineStation% Correct
13号线 Line 13 | 2号线 Line 2 | 4号线 Line 4西直门 Xizhimen
78%
13号线 Line 13 | 2号线 Line 2 | 首都机场线 Capital Airport Express东直门 Dongzhimen
76%
6号线 Line 6 | S1线 S1 Line苹果园 Pingguoyuan
74%
1号线 Line 1 | 4号线 Line 4西单 Xidan
72%
大兴机场线 Daxing Airport Express大兴机场 Daxing Jichang
70%
7号线 Line 7 | 9号线 Line 9北京西站 Beijingxi Zhan
69%
1号线 Line 1古城 Gucheng
69%
1号线 Line 1 | 8号线 Line 8王府井 Wangfujing
69%
10号线 Line 10 | 西郊线 Xijiao Line巴沟 Bagou
68%
1号线 Line 1 | 5号线 Line 5东单 Dongdan
68%
10号线 Line 10 | 1号线 Line 1公主坟 Gongzhufen
67%
10号线 Line 10 | 4号线 Line 4海淀黄庄 Haidian Huangzhuang
67%
10号线 Line 10 | 首都机场线 Capital Airport Express三元桥 Sanyuanqiao
67%
1号线 Line 1 | 2号线 Line 2复兴门 Fuxingmen
66%
16号线 Line 16 | 4号线 Line 4 | 9号线 Line 9国家图书馆 Guojia Tushuguan
66%
10号线 Line 10 | 1号线 Line 1国贸 Guomao
66%
7号线 Line 7 | 八通线 Batong Line环球度假区 Huanqiu Dujiaqu
66%
1号线 Line 1 | 9号线 Line 9军事博物馆 Junshi Bowuguan
66%
2号线 Line 2 | 8号线 Line 8前门 Qianmen
66%
14号线 Line 14 | 4号线 Line 4北京南站 Beijingnan Zhan
64%
10号线 Line 10 | 19号线 Line 19 | 大兴机场线 Daxing Airport Express草桥 Caoqiao
64%
1号线 Line 1 | 2号线 Line 2建国门 Jianguomen
64%
1号线 Line 1四惠东 Sihuidong
64%
11号线 Line 11 | 6号线 Line 6 | S1线 S1 Line金安桥 Jin'anqiao
63%
14号线 Line 14 | 15号线 Line 15望京 Wangjing
63%
13号线 Line 13 | 昌平线 Changping Line西二旗 Xi'erqi
62%
4号线 Line 4安河桥北 Anheqiaobei
61%
15号线 Line 15清华东路西口 Qinghua Donglu Xikou
61%
10号线 Line 10 | 5号线 Line 5 | 亦庄线 Yizhuang Line宋家庄 Songjiazhuang
61%
西郊线 Xijiao Line香山 Xiangshan
61%
19号线 Line 19 | 2号线 Line 2积水潭 Jishuitan
60%
15号线 Line 15俸伯 Fengbo
59%
19号线 Line 19 | 4号线 Line 4 | 6号线 Line 6平安里 Ping'anli
59%
昌平线 Changping Line昌平西山口 Changping Xishankou
58%
2号线 Line 2 | 4号线 Line 4宣武门 Xuanwumen
58%
15号线 Line 15 | 8号线 Line 8奥林匹克公园 Aolinpike Gongyuan
57%
5号线 Line 5 | 首都机场线 Capital Airport Express北新桥 Beixinqiao
57%
6号线 Line 6潞城 Lucheng
57%
10号线 Line 10 | 14号线 Line 14 | 17号线 Line 17十里河 Shilihe
57%
5号线 Line 5天通苑北 Tiantongyuanbei
57%
16号线 Line 16 | 4号线 Line 4西苑 Xiyuan
57%
亦庄线 Yizhuang Line亦庄火车站 Yizhuang Huochezhan
57%
10号线 Line 10 | 13号线 Line 13知春路 Zhichun Lu
57%
8号线 Line 8 | 昌平线 Changping Line朱辛庄 Zhuxinzhuang
57%
7号线 Line 7 | 八通线 Batong Line花庄 Huazhuang
56%
10号线 Line 10 | 19号线 Line 19牡丹园 Mudanyuan
56%
13号线 Line 13清河站 Qinghe Zhan
56%
11号线 Line 11新首钢 Xinshougang
56%
10号线 Line 10 | 8号线 Line 8北土城 Beitucheng
55%
14号线 Line 14 | 1号线 Line 1大望路 Dawang Lu
55%
昌平线 Changping Line清河站 Qinghe Zhan
55%
首都机场线 Capital Airport Express2号航站楼 2 Hao Hangzhanlou
54%
首都机场线 Capital Airport Express3号航站楼 3 Hao Hangzhanlou
54%
10号线 Line 10 | 5号线 Line 5惠新西街南口 Huixin Xijie Nankou
54%
大兴线 Daxing Line天宫院 Tiangongyuan
54%
燕房线 Yanfang Line燕山 Yanshan
54%
4号线 Line 4 | 7号线 Line 7菜市口 Caishikou
53%
2号线 Line 2 | 5号线 Line 5崇文门 Chongwenmen
53%
2号线 Line 2 | 8号线 Line 8鼓楼大街 Gulou Dajie
53%
9号线 Line 9 | 房山线 Fangshan Line郭公庄 Guogongzhuang
53%
13号线 Line 13 | 8号线 Line 8霍营 Huoying
53%
11号线 Line 11模式口 Moshikou
53%
13号线 Line 13 | 15号线 Line 15望京西 Wangjingxi
53%
19号线 Line 19 | 大兴线 Daxing Line新宫 Xingong
53%
2号线 Line 2 | 5号线 Line 5雍和宫 Yonghegong
53%
2号线 Line 2 | 6号线 Line 6车公庄 Chegongzhuang
52%
10号线 Line 10 | 13号线 Line 13芍药居 Shaoyaoju
52%
10号线 Line 10 | 房山线 Fangshan Line首经贸 Shoujingmao
52%
7号线 Line 7 | 8号线 Line 8珠市口 Zhushikou
52%
6号线 Line 6 | 8号线 Line 8南锣鼓巷 Nanluogu Xiang
51%
14号线 Line 14善各庄 Shangezhuang
51%
2号线 Line 2 | 6号线 Line 6朝阳门 Chaoyangmen
50%
13号线 Line 13 | 5号线 Line 5立水桥 Lishuiqiao
50%
8号线 Line 8瀛海 Yinghai
50%
14号线 Line 14张郭庄 Zhangguozhuang
50%
5号线 Line 5东四 Dongsi
49%
10号线 Line 10 | 4号线 Line 4角门西 Jiaomenxi
49%
S1线 S1 Line石厂 Shichang
49%
10号线 Line 10 | 7号线 Line 7双井 Shuangjing
48%
16号线 Line 16北安河 Bei'anhe
47%
17号线 Line 17 | 亦庄线 Yizhuang Line次渠 Ciqu
47%
房山线 Fangshan Line东管头南 Dongguantounan
47%
10号线 Line 10 | 6号线 Line 6呼家楼 Hujialou
47%
10号线 Line 10 | 9号线 Line 9六里桥 Liuliqiao
47%
10号线 Line 10 | 14号线 Line 14西局 Xiju
47%
房山线 Fangshan Line | 燕房线 Yanfang Line阎村东 Yancundong
47%
6号线 Line 6 | 9号线 Line 9白石桥南 Baishiqiaonan
46%
5号线 Line 5 | 7号线 Line 7磁器口 Ciqikou
46%
10号线 Line 10 | 6号线 Line 6慈寿寺 Cishousi
46%
15号线 Line 15 | 5号线 Line 5大屯路东 Datunludong
46%
4号线 Line 4公益西桥 Gongyi Xiqiao
46%
17号线 Line 17嘉会湖 Jiahuihu
46%
14号线 Line 14 | 19号线 Line 19景风门 Jingfengmen
44%
14号线 Line 14 | 5号线 Line 5蒲黄榆 Puhuangyu
44%
16号线 Line 16玉渊潭东门 Yuyuantan Dongmen
44%
八通线 Batong Line高碑店 Gaobeidian
43%
14号线 Line 14 | 7号线 Line 7九龙山 Jiulongshan
43%
14号线 Line 14 | 6号线 Line 6金台路 Jintai Lu
42%
亦庄T1线 Yizhuang T1 Line | 亦庄线 Yizhuang Line荣昌东街 Rongchang Dongjie
40%
14号线 Line 14 | 8号线 Line 8永定门外 Yongdingmenwai
40%
6号线 Line 6东四 Dongxi
39%
14号线 Line 14 | 9号线 Line 9七里庄 Qilizhuang
38%
亦庄T1线 Yizhuang T1 Line屈庄 Quzhuang
31%
亦庄T1线 Yizhuang T1 Line定海园 Dinghaiyuan
29%

Score Distribution

Percentile by Number Answered

Percent of People with Each Score

Your Score History

You have not taken this quiz